00762nam a22002417a 450000500170000001000110001702000100002803500110003803700160004904000120006508200150007710000270009224500600011926000350017927000110021430000200022550000200024565000270026565000270029294200240031999900190034395201580036220170124105956.0 a441543 c00.00 a441543 bCen Lib/Ret aDPLbEN a361.3bFOR aForder, Anthony914755 aSocial casework and administration /cby Anthony Forder aLondonbFaber and Faber c1966 bLondon a244p.c21cm(Hb) aIncludes index  aSocial casework914756 aSocial workers 914757 2ddccENh361.3mFOR c125555d125555 04104070aLbLd2015-06-22eCen Lib/Retg0.00l0o361.3 FORp441543r2015-06-22 00:00:00t1v0.00w2015-06-22yENzW/d List No. 6890/4 ; dtd 14/09/2020